| 000 | 00859nam a22002657a 4500 | ||
|---|---|---|---|
| 001 | BR2018002374 | ||
| 003 | BR-BrBNA | ||
| 005 | 20230928105351.0 | ||
| 007 | ta | ||
| 008 | 230509b bl.||||| |||| 00| 0 por d | ||
| 040 |
_aBR-BrBNA _bpor _cBiblioteca Nacional de Agricultura |
||
| 041 | _a(Por) | ||
| 072 | _aH10 | ||
| 090 | _ H10 BR2018002374 | ||
| 110 | 1 |
_aGoverno da Bahia, Salvador (Brasil). Secretaria da Agricultura, Irrigação e Reforma Agrária _95245 |
|
| 245 | 1 | _aDocumento para subsidiar o estabelecimento da área de baixa prevalência de moscas-das-frutas do Vale do Rio Brumado | |
| 260 | 3 |
_aSalvador, BA (Brasil): _c2011. |
|
| 300 | _a19 p. | ||
| 650 | _aMOSCA-DO-MEDITERRÂNEO | ||
| 650 | _aBIOLOGIA | ||
| 650 | _aIDENTIFICAÇÃO | ||
| 650 | _aDISTRIBUIÇÃO GEOGRÁFICA | ||
| 909 |
_a202309 _bLucia _c55 _dLucia Elande |
||
| 942 | _cBK | ||
| 999 |
_c84835 _d84835 |
||